Detalles MARC
| 000 -CABECERA |
| campo de control de longitud fija |
02090nam a2200397 b 4500 |
| 001 - NÚMERO DE CONTROL |
| campo de control |
Mimo0000969128 |
| 003 - IDENTIFICADOR DEL NÚMERO DE CONTROL |
| campo de control |
AR-RoIUNI |
| 005 - FECHA Y HORA DE LA ÚLTIMA TRANSACCIÓN |
| campo de control |
20210323085819.0 |
| 007 - CAMPO FIJO DE DESCRIPCIÓN FÍSICA--INFORMACIÓN GENERAL |
| campo de control de longitud fija |
ta |
| 008 - DATOS DE LONGITUD FIJA--INFORMACIÓN GENERAL |
| campo de control de longitud fija |
980826s1997 sp | r ||| ||spa |
| 016 7# - NÚMERO DE CONTROL DE UNA AGENCIA BIBLIOGRÁFICA NACIONAL |
| Número de control del registro |
bimoBNE19982154619 |
| Fuente |
SpMaBN |
| 017 ## - NÚMERO DE COPYRIGHT O DE DEPÓSITO LEGAL |
| Número de copyright o de depósito legal |
M 33134-1997 |
| Agencia que asigna |
Oficina Depósito Legal Madrid |
| 020 ## - NÚMERO INTERNACIONAL ESTÁNDAR DEL LIBRO |
| Número Internacional Estándar del Libro |
8478443665 |
| 035 ## - NÚMERO DE CONTROL DEL SISTEMA |
| Número de control de sistema |
(OCoLC)39507710 |
| 040 ## - FUENTE DE LA CATALOGACIÓN |
| Centro catalogador/agencia de origen |
SpMaBN |
| Centro/agencia transcriptor |
AR-RoIUNI |
| 041 1# - CÓDIGO DE LENGUA |
| Código de lengua del texto/banda sonora o título independiente |
spa |
| Código de lengua original |
eng |
| 080 ## - NÚMERO DE LA CLASIFICACIÓN DECIMAL UNIVERSAL |
| Número de la Clasificación Decimal Universal |
82-4:088 |
| 100 1# - ENTRADA PRINCIPAL--NOMBRE DE PERSONA |
| Nombre de persona |
Steiner, George |
| Fechas asociadas al nombre |
1929- |
| 240 10 - TÍTULO UNIFORME |
| Título uniforme |
<a href="No passion spent">No passion spent</a> |
| Lenguaje de la obra |
Español |
| 245 10 - MENCIÓN DE TÍTULO |
| Título |
Pasión intacta : |
| Resto del título |
ensayos 1978-1995 / |
| Mención de responsabilidad, etc. |
George Steiner ; traducción de Menchu Gutiérrez y Encarna Castejón. |
| 260 ## - PUBLICACIÓN, DISTRIBUCIÓN, ETC. (PIE DE IMPRENTA) |
| Lugar de publicación, distribución, etc. |
Madrid : |
| Nombre del editor, distribuidor, etc. |
Siruela, |
| Fecha de publicación, distribución, etc. |
c1997. |
| 300 ## - DESCRIPCIÓN FÍSICA |
| Extensión |
505 p. ; |
| Dimensiones |
21 cm |
| 490 1# - MENCIÓN DE SERIE |
| Mención de serie |
Biblioteca de ensayo . Serie mayor ; |
| Designación de volumen o secuencia |
5 |
| 505 0# - NOTA DE CONTENIDO CON FORMATO |
| Nota de contenido con formato |
El lector infrecuente (1978) -- Presencias reales (1985) -- Una lectura contra Shakespeare (1986) -- Tragedia absoluta (1990) -- ¿Qué es literatura comparada? (1994) -- Llamando a las puertas de la justicia: Péguy (1992) -- Santa Simone: Simone Weil (1993) -- La confienza en la razón: Husserl (1994) -- Un arte exacto (1982) -- La historicidad de los sueños (1983) -- Tótem o tabú (1988) -- Notas sobre "El proceso" de Kafka (1992) -- Sobre Kierkegaard (1994) -- Los archivos del Edén (1981) -- El texto, tierra de nuestro hogar -- A través de ese espejo, en enigma (1991) -- La gran tautología (1992) -- Dos gallos (1992) -- Dos cenas (1995). |
| 650 #4 - PUNTO DE ACCESO ADICIONAL DE MATERIA--TÉRMINO DE MATERIA |
| Término de materia o nombre geográfico como elemento inicial |
PSICOLOGÍA |
| 9 (RLIN) |
108 |
| 650 #4 - PUNTO DE ACCESO ADICIONAL DE MATERIA--TÉRMINO DE MATERIA |
| Término de materia o nombre geográfico como elemento inicial |
ENSAYOS |
| 830 #0 - PUNTO DE ACCESO ADICIONAL DE SERIE-TÍTULO UNIFORME |
| Título uniforme |
Biblioteca de ensayo (Ediciones Siruela). |
| Nombre de parte o sección de la obra |
Serie mayor |
| Designación de número de volumen o secuencia |
5 |
| 942 ## - ELEMENTOS DE PUNTO DE ACCESO ADICIONAL (KOHA) |
| Fuente del sistema de clasificación o colocación |
Clasificación Decimal Universal |
| Tipo de ítem Koha |
Libros |
| 956 ## - LOCALIZACIÓN Y ACCESO ELECTRÓNICOS LOCAL (OCLC) |
| Nombre del host |
2 |
| 980 ## - EQUIVALENCIA O REFERENCIA-CRUZADA-MENCIÓN DE SERIE--NOMBRE DE PERSONA/TÍTULO [LOCAL, CANADÁ] |
| Nombre de persona |
M 33134-1997 |
| -- |
M-BN |
| Numeración |
BNALCALA |
| Calificador de atribución |
10/72607 |
| Títulos y otros términos asociados al nombre |
ALCALA |
| 980 ## - EQUIVALENCIA O REFERENCIA-CRUZADA-MENCIÓN DE SERIE--NOMBRE DE PERSONA/TÍTULO [LOCAL, CANADÁ] |
| Nombre de persona |
M 33134-1997 |
| -- |
M-BN |
| Numeración |
BNALCALA |
| Calificador de atribución |
AHM/309223 |
| Títulos y otros términos asociados al nombre |
SALA_ALC |
| 980 ## - EQUIVALENCIA O REFERENCIA-CRUZADA-MENCIÓN DE SERIE--NOMBRE DE PERSONA/TÍTULO [LOCAL, CANADÁ] |
| Nombre de persona |
M 20928-2001 |
| -- |
84-7844-366-5 |
| -- |
M-BN |
| Numeración |
BNALCALA |
| Calificador de atribución |
AHM/546084 |
| Títulos y otros términos asociados al nombre |
SALA_ALC |
| 980 ## - EQUIVALENCIA O REFERENCIA-CRUZADA-MENCIÓN DE SERIE--NOMBRE DE PERSONA/TÍTULO [LOCAL, CANADÁ] |
| Nombre de persona |
M 33134-1997 |
| -- |
84-7844-366-5 |
| -- |
M-BN |
| Numeración |
BNALCALA |
| Calificador de atribución |
DL/839888 |
| Títulos y otros términos asociados al nombre |
CONSERVACI |
| 980 ## - EQUIVALENCIA O REFERENCIA-CRUZADA-MENCIÓN DE SERIE--NOMBRE DE PERSONA/TÍTULO [LOCAL, CANADÁ] |
| Nombre de persona |
M 20928-2001 |
| -- |
84-7844-366-5 |
| -- |
M-BN |
| Numeración |
BNALCALA |
| Calificador de atribución |
DL/1107567 |
| Títulos y otros términos asociados al nombre |
CONSERVACI |
| 980 ## - EQUIVALENCIA O REFERENCIA-CRUZADA-MENCIÓN DE SERIE--NOMBRE DE PERSONA/TÍTULO [LOCAL, CANADÁ] |
| Nombre de persona |
M 10871-2001 |
| -- |
84-7844-366-5 |
| -- |
M-BN |
| Numeración |
BNALCALA |
| Calificador de atribución |
DL/1107568 |
| Títulos y otros términos asociados al nombre |
CONSERVACI |